000 01421nam a2200205Ia 4500
003 OSt
005 20250505091820.0
008 210210b1967 xxu||||| |||| 00| 0 eng d
040 _cAL
041 _aHindi
082 _aH891.3 CHAB
100 _aCHATTOPADHYAY (Sharatchandra).
_dशरतचन्द्र चट्टोपाध्याय
_9170707
245 _aBadi didi.
_bबड़ी दीदी
260 _aDilli
_bPrabhat Prakashan
_c1967
300 _a152
520 _aBadi Didi is the first novel written by Sarat Chandra Chattopadhyay--one of the most popular Bengali writers of all time, the creator of iconic works such as Devdas and Parineeta. Madhavi, affectionately called Badi Didi (elder sister), is a widow. The society she lives in dictates that it is downright wrong for a woman to even think of being with another man after her husband's death. She had no intention of marrying again . . . and then, Surendranath entered her life.The son of a zamindar, Surendranath has come to tutor Madhavi's younger sister. And it takes him no time to fall for the beautiful Madhavi. And despite not wanting to, Madhavi realizes that she is falling for him, too.Will Madhavi dare to flout social convention and be with another man, even though she is a widow? Or will she be forced to stifle her wishes and live a lonely life?
690 _aHindi Fiction
_9170708
906 _a029402
942 _2ddc
_cBK
999 _c80623
_d80623